Vocabulaire espagnol 2 - Statistiques

Statistiques générales
  • Ce quiz a été pris 96 fois
  • Le résultat moyen est 29 sur 139
Statistiques - réponses
Hint Réponse % Correct
page pagina
75%
Lumière Luz
63%
Sucre Azùcar
61%
Mer Mar
60%
Bonjour (le matin) Buenos dias
58%
Voiture coche
58%
Bonne après-midi Buenas tardes
55%
Cuisine Cocina
54%
Fenêtre La ventana
53%
Je peux fermer Puedo cerra
51%
Crayon Lapiz
50%
Lieu Lugar
50%
Je peux ouvrir ? Puedo abrir
50%
Lit Cama
48%
intelligent Inteligente
48%
Jeune Joven
46%
Ete Verano
46%
Dibujar Dessiner
44%
Les jeunes Los jovenes
44%
Célèbre Famoso
43%
Se souvenir Recordar
43%
Diner Cenar
41%
Plus tard Màs tarde
40%
Cher caro
39%
Acheter Comprar
39%
Hiver Invierno
39%
J'aime marcher Me gusta caminar
39%
Jamais Nunca
39%
Chaise | Fauteuil Silla
38%
De plus Ademas
36%
Il est marié Esta casado
36%
Je ne me sens pas bien No me siento bien
36%
Je peux aller au toilette ? Puedo ir al bano ?
36%
A pied A pie
35%
Couter Costar
35%
Lunettes de soleil Gafas de sol
35%
Tomber Caer
34%
tomber caer
34%
Profiter Disfrutar
34%
La nature Naturaleza
33%
Seulement Solamente
33%
S'habiller Vestirse
33%
J'adore Me encanta
31%
Pantalons Pantalones
31%
Devant Delante
30%
La force La fuerza
30%
Se lever Levantarse
30%
Medicament Medicina
30%
Ils sont à toi Son tuyos
30%
ancienne antigua
29%
Derrière Detras
29%
Te gustaria Tu aimerais
29%
Lumières Luces
28%
Prendre Tomar
28%
aire air
26%
Certains Alguno
26%
Se reposer/ se détendre Descansar
26%
Inoubliable Inolvidable
26%
Ancien Antiguo
25%
Baignade | Salle de bain Bano
25%
A coté A lado
24%
Parfois A veces
24%
Saluer Saludar
24%
Demander Pedir
21%
Célibataire Soltero
19%
Cependant Sin embargo
16%
De plus De mas
15%
Regresar Retourner
15%
Les musées m'ennuient Los museos me aburren mucho
14%
Roman Novela
14%
En dessous/sous Debajo
13%
L'appartement El piso
13%
Toujours Todavia
13%
Cuisine équipée Cocina equipada
11%
Se réveiller Despertarse
11%
Intelligent Listo
11%
Retourner Regresar
11%
rénovée renovada
11%
Puni Castigado
10%
Salle à manger Comedor
10%
La même La mismo
10%
Non seulement No solo
10%
En revanche En cambio
9%
Obscure Obscuro
9%
Le journal El periodico
8%
CAD Es decir
8%
Guide touristique Guia turistico
8%
sin amueblar sans meubles
8%
logement alojamiento
6%
Campagne Campo
6%
Au centro En el centro
6%
Se peigner Peinarse
6%
Devoir Tarea
6%
cunada belle-soeur
5%
Moderno Moderna
5%
Siège (en mode quartier général) Sede
5%
Jeans Vaqueros
5%
Comment vas-tu ? ¿como estas ?
4%
Obtenir Conseguir
4%
Avant despuès
4%
Hésiter dudar
4%
Studio Estudio
4%
Faire les courses Hacer la compra
4%
La voix La vez
4%
Huit heure pile Ocho en punto
4%
Arepentirse de algo Regretter quelque chose
4%
Baptiser Bautisar
3%
rhume resfriado
3%
Baptême Bautismo
1%
Bureau Buro
1%
Il est vrai que Es cierto que
1%
Je regrette Me arrepento
1%
Avant dernier Penultimo
1%
Salon Sala de estar
1%
Arreglarse Se préparer
1%
Ce sont les miens Son miyos
1%
Tâche Tareas
1%
Una vez al Une fois par
1%
Avoir envie (dans le sens proposition) Apetecer
0%
Bon état Buen estados
0%
Carte d'identité Carne de identitad
0%
Quelle est la bonne réponse ? ¿Cuàl es la correcta respuesta ?
0%
Annonce el annuncio
0%
Je suis pour Estoy a favor por
0%
Je suis contre Estoy en contra por
0%
Les chaussures Los sapatos
0%
Souvent Manuato
0%
Je suis fasciné par les concerts de rock Me fascinan los conciertos de rock
0%
J'aime rester à la maison avec des amis Me gusta estar en casa con amigos
0%
J'aime aller dans des bars Me gusta ir de bares
0%
Je ne suis pas intéréssé par la vie nocture No me intereso la vida nocturna
0%
Je ne prend jamais de petit déjeuner Nunca tomo el desayuno
0%
Appartement à louer Piso en alquiler
0%
Pouvez-vous répeter s'il vous plait ¿ Podria repetirlo por favor ?
0%
Pour terminer/enfin Por ultimo
0%
Tu peux répéter s’il-te-plaît ? ¿ Puedes repetirlo por favor ?
0%
Faire une sieste se echa una siesta
0%
Aucun quiz correspondant
Distribution des résultats
% des personnes avec chaque résultat
Percentile par nombre de réponses
Votre historique - résultats
Vous n’avez pas pris ce quiz